书目信息 |
| 题名: |
阿甘本生命政治思想研究
|
|
| 作者: | 徐太军 著 | |
| 分册: | ||
| 出版信息: | 北京 中国社会科学出版社 2020.9 |
|
| 页数: | 222页 | |
| 开本: | 24cm | |
| 丛书名: | ||
| 单 册: | ||
| 中图分类: | B546 , D0-02 | |
| 科图分类: | ||
| 主题词: | ||
| 电子资源: | ||
| ISBN: | 978-7-5203-7300-5 | |
| 000 | 01214nam0 2200253 450 | |
| 001 | 2161448541 | |
| 005 | 20210930094219.0 | |
| 010 | @a978-7-5203-7300-5@dCNY85.00 | |
| 100 | @a20201201d2020 em y0chiy0120 ea | |
| 101 | 0 | @achi |
| 102 | @aCN@b110000 | |
| 105 | @ay z 000yy | |
| 106 | @ar | |
| 200 | 1 | @a阿甘本生命政治思想研究@Aa gan ben sheng ming zheng zhi si xiang yan jiu@f徐太军著 |
| 210 | @a北京@c中国社会科学出版社@d2020.9 | |
| 215 | @a222页@d24cm | |
| 300 | @a西华师范大学出版基金资助 四川省一流建设学科(政治学与社会治理)专项资金支持 西华师范大学博士科研启动基金“生命政治理论及其应用研究”(17E029)资助 四川省社会科学高水平研究团队(基层民主与基层治理)资助 | |
| 330 | @a本书阐述了欧洲大陆左翼思想人物吉奥乔·阿甘本的生命政治思想。不同于有关生命政治是权力保护、扶植生命的现代话语阐释,阿甘本将生命政治视为政治史中始终存在的权力排制生命基本架构。现代资本主义社会中,在例外状态悬临、人的物化、景观社会统治等境况下,宏观权力和微观权力对人缠绕束缚;个体如身负重,难由自主,依然需要追求更美好的“共同体”。 | |
| 600 | 1 | @a阿甘本@Aa gan ben@x政治哲学@x研究 |
| 690 | @aB546@v5 | |
| 690 | @aD0-02@v5 | |
| 701 | 0 | @a徐太军@Axu tai jun@4著 |
| 801 | 0 | @aCN@b百万庄@c20210928 |
| 905 | @b1302542-45@dB546@e103@f4 | |
| 阿甘本生命政治思想研究/徐太军著.-北京:中国社会科学出版社,2020.9 |
| 222页;24cm |
| 西华师范大学出版基金资助 四川省一流建设学科(政治学与社会治理)专项资金支持 西华师范大学博士科研启动基金“生命政治理论及其应用研究”(17E029)资助 四川省社会科学高水平研究团队(基层民主与基层治理)资助 |
| ISBN 978-7-5203-7300-5:CNY85.00 |
| 本书阐述了欧洲大陆左翼思想人物吉奥乔·阿甘本的生命政治思想。不同于有关生命政治是权力保护、扶植生命的现代话语阐释,阿甘本将生命政治视为政治史中始终存在的权力排制生命基本架构。现代资本主义社会中,在例外状态悬临、人的物化、景观社会统治等境况下,宏观权力和微观权力对人缠绕束缚;个体如身负重,难由自主,依然需要追求更美好的“共同体”。 |
| ● |
| 相关链接 |
|
|
|
|
正题名:阿甘本生命政治思想研究
索取号:B546/103
 
预约/预借
| 序号 | 登录号 | 条形码 | 馆藏地/架位号 | 状态 | 备注 |
| 1 | 1302542 | 213025420 | 第一样本阅览室/ [索取号:B546/103] | 在馆 | |
| 2 | 1302543 | 213025439 | 第一借阅区/ [索取号:B546/103] | 在馆 | |
| 3 | 1302544 | 213025448 | 第一借阅区/ [索取号:B546/103] | 在馆 | |
| 4 | 1302545 | 213025457 | 第一借阅区/ [索取号:B546/103] | 在馆 |